02274 a2200253 4500003000500000005001700005010001600022040000900038082001200047100003200059245008300091246006100174250001200235260005500247300006000302505121000362650001301572700003201585942002101617999001901638952012101657952012101778952012101899NUST20230711092800.0 a 00031382 cNust00a530,GIA1 aGiancoli, Douglas C.96291610aPhysics for scientists & engineers with modern physics /cDouglas C. Giancoli.3 aPhysics for scientists and engineers with modern physics a3rd ed. aUpper Saddle River, N.J. :bPrentice Hall,cc2000. a1172p,. (various pagings) :bill. (some col.) ;c28 cm. aIntroduction, Measurement, Estimating (Page-1), Describing Motion (Page-16), Kinematics in Two Dimensions (Page-45), Dynamics : Newton’s laws of Motion (Page-77), Further Applications of Newton’s Laws (Page-106), Gravitation and Newton’s Synthesis (Page-133), Work and Energy (Page-155), Conservations of Energy(Page-176), inear Momentum and Collisions (Page-206), Rotational Motion About A Fixed Axis (Page-239), General Rotation (Page-279), Static Equilibrium (Page-300), Fluids (Page-332), Oscillations (Page-362), Wave Motion (Page-388), Sound (Page-417),Temperature (Page-445), Kinetic theory of Gases (Page-466), Electric Charge and Electric Field (Page-545), Gauss’s Law (Page-575), Electric Currents (Page-634), DC Circuits (Page-658), Magnetism (Page-686), Source of Magnetics Field (Page-709),Electromagnetic Induction (Page-734), Inductance (Page-756), Light (Page-810), Lenses (Page-836), Wave Nature of Light (Page-866), Diffraction (Page-887), Special Theory of Relativity (Page-916), Early quantum Theory (Page-949), Molecules and Solids (Page-1030), Nuclear Physics (Page-1061), Nuclear Energy (Page-1085), Elementary Particles (Page-1114), Astrophysics and Cosmology (Page-1140). 0aPhysics.1 aGiancoli, Douglas C.962916 2ddccBKk530,GIA c178462d178462 00102ddc4070aMCSbMCScGENd2016-12-12o530,GIApMCS33709r2016-12-08w2016-12-12yBKzAlmirah No.15, Shelf No.2 00102ddc4070aMCSbMCScGENd2016-12-12o530,GIApMCS33711r2016-12-08w2016-12-12yBKzAlmirah No.77, Shelf No.2 00102ddc4070aMCSbMCScGENd2016-12-12o530,GIApMCS33712r2016-12-08w2016-12-12yBKzAlmirah No.15, Shelf No.2